Statistics for Largest Flooded U.S Cities if All Ice Melted - With a Map

Click here to take the quiz!

General Stats

  • This quiz has been taken 162 times
  • The average score is 18 of 20

Answers on the Map

Answers color-coded by a green-red scale on the quiz's map according to % correct below.
Loading ...
 

Answer Stats

PopulationCity% Correct
8,398,748New York City
99%
2,325,502Houston
99%
883,305San Francisco
98%
3,990,456Los Angeles
98%
470,914Miami
97%
744,955Seattle
97%
694,583Boston
97%
391,006New Orleans
97%
1,425,976San Diego
96%
1,584,138Philadelphia
94%
702,455Washington
92%
602,495Baltimore
92%
392,890Tampa
92%
653,115Portland
90%
508,529Sacramento
90%
903,889Jacksonville
88%
1,030,119San Jose
86%
450,189Virginia Beach
80%
429,082Oakland
80%
467,354Long Beach
60%

Score Distribution

Percentile by Number Answered

Percent of People with Each Score

Your Score History

You have not taken this quiz